Statistics for Countries' former names

Click here to take the quiz!

General Stats

  • This quiz has been taken 497 times
  • The average score is 9 of 16

Answer Stats

HintAnswer% Correct
PersiaIran
90%
SiamThailand
84%
British RajIndia
82%
MesopotamiaIraq
82%
British HondurasBelize
74%
CeilonSri Lanka
74%
GaulFrance
66%
EdoJapan
64%
FormosaTaiwan
61%
Upper VoltaBurkina Faso
53%
CathayChina
51%
ZaireDemocratic Republic of Congo
42%
DanubiaSudan
40%
DahomeyBenin
38%
NumidiaAlgeria
21%
AbyssiniaEtiopia
8%

Score Distribution

Percentile by Number Answered

Percent of People with Each Score

Your Score History

You have not taken this quiz